| 000 | 00647nam a2200217 a 4500 | ||
|---|---|---|---|
| 001 | 2282 | ||
| 003 | CDMR | ||
| 005 | 20131203181829.0 | ||
| 008 | 130130s1986||||||||||||||||||||||||||||d | ||
| 020 | _a8420681024 | ||
| 040 |
_aCDMR _bcat _cCDMR |
||
| 100 | 1 |
_aMartín Serrano, Manuel _9870 |
|
| 245 | 1 | 3 |
_aLa producción social de comunicación _cManuel Martín Serrano ; prólogo de Harry Pröss |
| 260 |
_aMadrid _c1986 _bAlianza |
||
| 300 | _a501 | ||
| 490 | 0 |
_aAlianza Universidad. _aTextos _v102 |
|
| 650 | 0 | 4 |
_94289 _aComunicació _xAspectes socials |
| 650 | 0 | 4 |
_92085 _aComunicació _xTeoria |
| 700 | 1 |
_9962 _aPross, Harry _epr. |
|
| 942 |
_cMON _2udc |
||
| 999 |
_c2282 _d2282 |
||